| 000 | 00441nam a2200145Ia 4500 | ||
|---|---|---|---|
| 008 | 150610s9999 xx 000 0 und d | ||
| 020 | _a0 448089246 | ||
| 050 |
_aPS3507 _b.I9274 S636 1945 |
||
| 100 | _aDixon, Franklin W. | ||
| 245 | 4 |
_aThe short-wave mystery / _cby Franklin W. Dixon. |
|
| 260 |
_aNew York : _bGrosset & Dunlap, _c1972. |
||
| 300 |
_a176pages ; _c20 cm. |
||
| 440 | _aHardy boy mystery stories ; 24 | ||
| 520 | _aFiction. | ||
| 999 |
_c288165 _d288165 |
||